Vista normal Vista MARC

Entrada Topical Term

Número de registros utilizados en: 5

001 - CONTROL NUMBER

  • control field: 58768

003 - CONTROL NUMBER IDENTIFIER

  • control field: OSt

005 - DATE AND TIME OF LATEST TRANSACTION

  • control field: 20250225161857.0

008 - FIXED-LENGTH DATA ELEMENTS

  • fixed length control field: 250225|| aca||aabn | a|a d

040 ## - CATALOGING SOURCE

  • Original cataloging agency: OSt
  • Transcribing agency: OSt

150 ## - HEADING--TOPICAL TERM

  • Topical term or geographic name entry element: Fracaso en niños

670 ## - SOURCE DATA FOUND

  • Source citation: Work cat.: (OSt)56964: Vendel, Edward van de 1964- autor 58764, Entre palmas y aplausos/









Instituto Departamental de Cultura del Meta - Red Departamental de Bibliotecas Públicas del Meta.